| Tag |
First Indicator |
Second Indicator |
Subfields |
| LEADER |
00000cam a2200000 a 4500 |
| 001 |
in00002783023 |
| 005 |
20211120170439.0 |
| 006 |
m o d f |
| 007 |
cr bn||||||||| |
| 008 |
121109s1989 dcuab obt f000 0 eng c |
| 035 |
|
|
|a (OCoLC)ocn816704396
|
| 040 |
|
|
|a GPO
|c GPO
|d GPO
|d MvI
|d UtOrBLW
|
| 042 |
|
|
|a pcc
|
| 049 |
|
|
|a WWW
|
| 074 |
|
|
|a 0830-H-14 (online)
|
| 086 |
0 |
|
|a NAS 1.26:183404
|
| 100 |
1 |
|
|a Hager, Bradford H.
|
| 245 |
1 |
0 |
|a Driving forces :
|b slab subduction and mantle convection /
|c B.H. Hager.
|
| 264 |
|
1 |
|a [Washington, D.C.] :
|b [National Aeronautics and Space Administration],
|c [1989]
|
| 300 |
|
|
|a 1 online resource (9 pages, 5 unnumbered pages) :
|b illustrations, maps.
|
| 336 |
|
|
|a text
|b txt
|2 rdacontent
|
| 337 |
|
|
|a computer
|b c
|2 rdamedia
|
| 338 |
|
|
|a online resource
|b cr
|2 rdacarrier
|
| 490 |
1 |
|
|a NASA contractor report ;
|v NASA CR-183404]
|
| 500 |
|
|
|a Title from caption, title screen (viewed on Nov. 9, 2012).
|
| 500 |
|
|
|a "Appendix E."
|
| 504 |
|
|
|a Includes bibliographical references (pages 7-9).
|
| 536 |
|
|
|c NAG5-842
|
| 500 |
|
|
|a Electronic resource.
|
| 650 |
|
7 |
|a Convection.
|2 nasat
|
| 650 |
|
7 |
|a Earth mantle.
|2 nasat
|
| 650 |
|
7 |
|a Lithosphere.
|2 nasat
|
| 650 |
|
7 |
|a Plates (tectonics)
|2 nasat
|
| 650 |
|
7 |
|a Slabs.
|2 nasat
|
| 650 |
|
7 |
|a Subduction (geology)
|2 nasat
|
| 710 |
1 |
|
|a United States.
|b National Aeronautics and Space Administration.
|
| 776 |
0 |
8 |
|i Print version:
|a Hager, Bradford H.
|t Driving forces.
|w (OCoLC)816705099
|
| 776 |
0 |
8 |
|i Microfiche:
|a Hager, Bradford H.
|t Driving forces.
|w (OCoLC)27784163
|
| 830 |
|
0 |
|a NASA contractor report ;
|v NASA CR-183404.
|
| 856 |
4 |
0 |
|u https://purl.fdlp.gov/GPO/gpo30969
|t 0
|
| 999 |
|
|
|a MARS
|
| 999 |
f |
f |
|s 7426e78b-1fe8-3345-b2b3-42564d838bc9
|i f225939b-18a9-3c67-9791-faf1d54bde3e
|t 0
|
| 952 |
f |
f |
|a Texas A&M University
|b College Station
|c Electronic Resources
|d Available Online
|t 0
|e NAS 1.26:183404
|h Superintendent of Documents classification
|
| 998 |
f |
f |
|a NAS 1.26:183404
|t 0
|l Available Online
|